000
00233nam a22001097a 4500
082
_a
621.8 DYS
100
_a
DYSON.F
_9
56657
245
_a
PRINCIPLES OF MECHANISM
260
_a
NEW YORK
_b
OXFORD
_c
1964
300
_a
308P
942
_c
BK
999
_c
567031
_d
567031